Famous Dutch People - Statistics

General Stats
  • This quiz has been taken 559 times
  • The average score is 10 of 20
Answer Stats
Clue Name % Correct
Painter, cut off his own ear Vincent van Gogh
97%
Girl, born in Germany, kept diary during WW2 Anne Frank
91%
Painter of the 'Nachtwacht' Rembrandt van Rijn
90%
Dutch Queen, married to King Willem-Alexander Maxima
69%
Dutch politican, known for critisism on the Islam Geert Wilders
67%
"Vader des vaderland"/"Father of the nation" Willem van Oranje
65%
Famous footballer, played at Ajax and FC Barcelona Johan Cruijff
64%
'Discovered' Tasmania and New-Zealand Abel Tasman
63%
TV producer, know from the Voice John de Mol
51%
Male speed skater, 19 world champion titles and 3 Olympic titles Sven Kramer
50%
Dancer in Paris, executed during the first world war, for being a spy Mata Hari
44%
"Best DJ" in 2007-2010 & 2012 Armin van Buuren
43%
Actrice, known from Valkyrie and Game of Thrones Carice van Houten
42%
'Discovered the microscope' Antoni van Leeuwenhoek
37%
Female speed skater, 4 Olympic titles, and 14 world champion titles Ireen Wüst
35%
Known from the "Smurf Song" Vader Abraham
33%
Judoka, first non-japanse to win world title Anton Geesink
14%
Dutch rock band, internationaly famous Within Temptation
9%
Fictional character, who put his finger in the leaking dike Hans Brinker
8%
Former Secretary General of the Nato Jaap de Hoop Scheffer
6%
No matching quizzes found
Score Distribution
Percent of People with Each Score
Percentile by Number Answered
Your Score History
You have not taken this quiz